书目信息 |
| 题名: |
蔬菜配方施肥
|
|
| 作者: | 本书组编 | |
| 分册: | ||
| 出版信息: | 北京 中国农业出版社 1990.09 |
|
| 页数: | 166页 | |
| 开本: | 20cm | |
| 丛书名: | 菜篮子工程丛书 | |
| 单 册: | ||
| 中图分类: | S630.6 | |
| 科图分类: | ||
| 主题词: | 蔬菜园艺 | |
| 电子资源: | ||
| ISBN: | 7-109-01709-5 | |
| 000 | 00588nam0 2200205 450 | |
| 001 | 0836693965 | |
| 005 | 20081007101500.42 | |
| 010 | @a7-109-01709-5@dCNY3.60 | |
| 100 | @a20081007d1990 km y0chiy0120 ea | |
| 101 | 0 | @achi |
| 102 | @aCN@b110000 | |
| 200 | 1 | @a蔬菜配方施肥@Ashu cai pei fang shi fei@f本书组编@Fben shu zu bian |
| 210 | @a北京@c中国农业出版社@d1990.09 | |
| 215 | @a166页@d20cm | |
| 225 | 2 | @a菜篮子工程丛书 |
| 410 | 0 | @12001 @a菜篮子工程丛书 |
| 606 | 0 | @a蔬菜园艺 |
| 690 | @aS630.6@v4 | |
| 801 | 0 | @aCN@b大连网信软件有限公司图书馆·11@c20081007 |
| 905 | @aBZT@dS630.6@e157 | |
| 蔬菜配方施肥/本书组编.-北京:中国农业出版社,1990.09 |
| 166页;20cm.-(菜篮子工程丛书) |
| ISBN 7-109-01709-5:CNY3.60 |
| ● |
| 相关链接 |
|
|
|
正题名:蔬菜配方施肥
索取号:S630.6/157
 
预约/预借
| 序号 | 登录号 | 条形码 | 馆藏地/架位号 | 状态 | 备注 |
| 1 | 007306 | 201250644 | 中心书库中库/ 中库032架B面4列3层17/ [索取号:S630.6/157] | 在馆 | |
| 2 | 007307 | 201250626 | 中心书库中库/ 中库032架B面4列3层18/ [索取号:S630.6/157] | 在馆 | |
| 3 | 007308 | 201250653 | 中心书库中库/ 中库032架B面4列3层19/ [索取号:S630.6/157] | 在馆 | |
| 4 | 007309 | 201250680 | 中心书库中库/ 中库032架B面4列3层20/ [索取号:S630.6/157] | 在馆 | |
| 5 | 007310 | 201250635 | 中心书库中库/ 中库032架B面4列3层21/ [索取号:S630.6/157] | 在馆 | |
| 6 | 061521 | 201250617 | 中心书库中库/ 中库032架B面4列3层22/ [索取号:S630.6/157] | 在馆 | |
| 7 | 061522 | 201250662 | 中心书库中库/ 中库032架B面4列3层23/ [索取号:S630.6/157] | 在馆 | |
| 8 | 061523 | 201250671 | 中心书库中库/ 中库032架B面4列3层24/ [索取号:S630.6/157] | 在馆 | |
| 9 | 105667 | 201241682 | 中心书库中库/ 中库032架B面4列3层86/ [索取号:S630.6/157] | 在馆 | |
| 10 | 105668 | 201241691 | 中心书库中库/ 中库032架B面4列3层87/ [索取号:S630.6/157] | 在馆 | |
| 11 | 105669 | 201241664 | 中心书库中库/ 中库032架B面4列3层88/ [索取号:S630.6/157] | 在馆 | |
| 12 | 105670 | 201241673 | 中心书库中库/ 中库032架B面4列3层85/ [索取号:S630.6/157] | 在馆 | |
| 13 | 105671 | 201241646 | 中心书库中库/ 中库032架B面4列3层15/ [索取号:S630.6/157] | 在馆 | |
| 14 | 105672 | 201248024 | 中心书库中库/ 中库032架B面4列3层14/ [索取号:S630.6/157] | 在馆 | |
| 15 | 105673 | 201247926 | 中心书库中库/ 中库032架B面4列3层10/ [索取号:S630.6/157] | 在馆 | |
| 16 | 105674 | 201248033 | 中心书库中库/ 中库032架B面4列3层13/ [索取号:S630.6/157] | 在馆 | |
| 17 | 105675 | 201248042 | 中心书库中库/ 中库032架B面4列3层12/ [索取号:S630.6/157] | 在馆 | |
| 18 | 105676 | 201248051 | 中心书库中库/ 中库032架B面4列3层11/ [索取号:S630.6/157] | 在馆 |